| 000 | 00790nam a2200229 a 4500 | ||
|---|---|---|---|
| 001 | 55710 | ||
| 003 | BD-RjUL | ||
| 005 | 20211209080314.0 | ||
| 008 | 161121s1974 bg ||||| |||| 00| 0 ben d | ||
| 020 | _c: TK 15.00 | ||
| 035 | _a(BD-RjUL)55834 | ||
| 040 |
_aBD-RjUL _bben _cBD-RjUL |
||
| 041 | _aben | ||
| 082 |
_223 _a954.14 _bSHA 1974 |
||
| 245 | 0 | 0 | _aশতাব্দী পরিক্রমা / |
| 260 |
_aঢাকা : _bনওরোজ কিতাবিস্তান, _c১৯৭৪ [১৩৮১] |
||
| 300 |
_a৩৪৭ পৃ. ; _c২১ সেমি . |
||
| 651 |
_aবেঙ্গল _zইতিহাস _9165926 |
||
| 651 |
_aBengal _zBangladesh _9165927 |
||
| 700 |
_aজামান, হাসান, সম্পাদক _9165928 |
||
| 942 |
_2ddc _cBK |
||
| 999 |
_c55710 _d55710 |
||